Eastern Utah Libraries Catalog: Duchesne, Heber, Roosevelt, & Vernal

Bear is a bear / (Record no. 366351)

MARC details
000 -LEADER
fixed length control field 01662cam a2200397 i 4500
001 - CONTROL NUMBER
control field 1259440648
005 - DATE AND TIME OF LATEST TRANSACTION
control field 20211018144102.0
007 - PHYSICAL DESCRIPTION FIXED FIELD--GENERAL INFORMATION
fixed length control field t||
008 - FIXED-LENGTH DATA ELEMENTS--GENERAL INFORMATION
fixed length control field 210901s2021 nyua b 000 1 eng d
010 ## - LIBRARY OF CONGRESS CONTROL NUMBER
LC control number 2020948229
020 ## - INTERNATIONAL STANDARD BOOK NUMBER
International Standard Book Number 9780062880512
Qualifying information hardcover
035 ## - SYSTEM CONTROL NUMBER
System control number (OCoLC)1259440648
040 ## - CATALOGING SOURCE
Original cataloging agency TnLvILS
Language of cataloging eng
Description conventions rda
Transcribing agency TnLvILS
Modifying agency TnLvILS
092 ## - LOCALLY ASSIGNED DEWEY CALL NUMBER (OCLC)
Classification number E Stutzman
100 1# - MAIN ENTRY--PERSONAL NAME
Personal name Stutzman, Jonathan,
Relator term author.
Relator code aut.
9 (RLIN) 6005268
245 10 - TITLE STATEMENT
Title Bear is a bear /
Statement of responsibility, etc written by Jonathan Stutzman ; illustrated by Dan Santat.
250 ## - EDITION STATEMENT
Edition statement First edition.
264 #1 - Production, Publication, Distribution, Manufacture, and Copyright Notice.
Place of production, publication, distribution, manufacture New York, New York :
Name of producer, publisher, distributor, manufacturer Balzer + Bray, an imprint of HarperCollinsPublishers,
Date of production, publication, distribution, manufacture, or copyr [2021]
300 ## - PHYSICAL DESCRIPTION
Extent 1 volume (unnumbered pages) :
Other physical details color illustrations ;
Dimensions 29 cm.
336 ## - Content Type
Content type term text
336 ## - Content Type
Content type term still image
337 ## - Media type
Media type term unmediated
338 ## - Carrier type
Carrier type term volume
520 ## - SUMMARY, ETC.
Summary, etc "[A] book about the enduring love between a little girl and her childhood friend, Bear ... Through all the many ups and downs of a little girl's childhood, Bear is there to provide love and support. Until it is time to say goodbye ... and hello again"--
521 1# - TARGET AUDIENCE NOTE
Target audience note 004-008.
650 #0 - SUBJECT ADDED ENTRY--TOPICAL TERM
Topical term or geographic name as entry element Teddy bears
Form subdivision Juvenile fiction.
9 (RLIN) 5692185
650 #0 - SUBJECT ADDED ENTRY--TOPICAL TERM
Topical term or geographic name as entry element Imaginary companions
Form subdivision Juvenile fiction.
9 (RLIN) 5688199
650 #0 - SUBJECT ADDED ENTRY--TOPICAL TERM
Topical term or geographic name as entry element Friendship in children
Form subdivision Juvenile fiction.
9 (RLIN) 5691626
650 #1 - SUBJECT ADDED ENTRY--TOPICAL TERM
Topical term or geographic name as entry element Teddy bears
Form subdivision Fiction.
9 (RLIN) 5742029
650 #1 - SUBJECT ADDED ENTRY--TOPICAL TERM
Topical term or geographic name as entry element Imaginary playmates
Form subdivision Fiction.
9 (RLIN) 5688201
650 #1 - SUBJECT ADDED ENTRY--TOPICAL TERM
Topical term or geographic name as entry element Friendship
Form subdivision Fiction.
9 (RLIN) 5673769
655 #7 - INDEX TERM--GENRE/FORM
Genre/form data or focus term Picture books.
Source of term lcgft.
700 1# - ADDED ENTRY--PERSONAL NAME
Personal name Santat, Dan.
Relator term illustrator.
9 (RLIN) 51556
907 ## - LOCAL DATA ELEMENT G, LDG (RLIN)
a .b452571704
942 ## - ADDED ENTRY ELEMENTS (KOHA)
Source of classification or shelving scheme Dewey Decimal Classification
Koha item type BOOK
Holdings
Withdrawn status Lost status Source of classification or shelving scheme Damaged status Not for loan Collection code Home library Current library Shelving location Date acquired Source of acquisition Total Checkouts Total Renewals Full call number Barcode Date last seen Date checked out Cost, replacement price Price effective from Koha item type
    Dewey Decimal Classification     Children Picture Books Wasatch County Library Wasatch County Library Main Floor Childrens Area 10/18/2021 Micromarketing 17 9 E Stutzman 34301001882945 01/26/2026 12/30/2025 18.99 10/18/2021 BOOK
This project was made possible through a grant from the Institute of Museum and Library Service administered by the Utah State Library Division.

Wasatch County Library

  • 465 East 1200 South, Heber City, Utah 84032
  • Phone 435-654-1511 | Fax 435-654-6456

Hours

  • Monday - Friday 9:30 AM - 8:00 PM
  • Saturday 9:30 AM - 1:30 PM
  • Closed Sundays and Holidays